[Event "Wiesbaden op 31st"]
[Site "Wiesbaden"]
[Date "2019.08.23"]
[Round "2"]
[White "Gerber, Ingo"]
[Black "Haag, Martin"]
[Result "1/2-1/2"]
[WhiteElo "1529"]
[BlackElo "2200"]
[PlyCount "41"]
[EventDate "2019.08.22"]
[EventType "swiss"]
[EventRounds "7"]
[EventCountry "GER"]
[SourceTitle "EXT 2020"]
[Source "ChessBase"]
[SourceDate "2019.10.17"]
[SourceVersion "1"]
[SourceVersionDate "2019.10.17"]
[SourceQuality "1"]

1. d4 d5 2. Nf3 e6 3. Bf4 Nf6 4. Nbd2 Bd6 5. Bxd6 cxd6 6. e3 Qb6 7. Qc1 0-0 8. Bd3 Nc6 9. 0-0 Bd7 10. c3 Rac8 11. Qb1 h6 12. Re1 e5 13. dxe5 dxe5 14. e4 Rfe8 15. exd5 Nxd5 16. Nc4 Qc7 17. Be4 Be6 18. Ncxe5 Nxe5 19. Nxe5 Nf6 20. Bf5 Bxf5 21. Qxf5 1/2-1/2

[Event "Wiesbaden op 31st"]
[Site "Wiesbaden"]
[Date "2019.08.23"]
[Round "3"]
[White "Haag, Martin"]
[Black "Pauly, Markus"]
[Result "1-0"]
[WhiteElo "2200"]
[BlackElo "1846"]
[PlyCount "59"]
[EventDate "2019.08.22"]
[EventType "swiss"]
[EventRounds "7"]
[EventCountry "GER"]
[SourceTitle "EXT 2020"]
[Source "ChessBase"]
[SourceDate "2019.10.17"]
[SourceVersion "1"]
[SourceVersionDate "2019.10.17"]
[SourceQuality "1"]

1. c4 g6 2. e4 Bg7 3. d4 d6 4. Nc3 Nf6 5. Nf3 0-0 6. Be2 e5 7. d5 Na6 8. 0-0 Nc5 9. Qc2 a5 10. Bg5 h6 11. Be3 Ng4 12. Bxc5 dxc5 13. h3 Nf6 14. Nxe5 Qe7 15. Nf3 Nd7 16. Bd3 Re8 17. Rae1 Ne5 18. Nxe5 Bxe5 19. f4 Bd4+ 20. Kh2 Bd7 21. e5 g5 22. g3 gxf4 23. gxf4 Qh4 24. Bf5 Bxf5 25. Qxf5 Bf2 26. Ne4 Bxe1 27. Rg1+ Kf8 28. e6 Ke7 29. Qxf7+ Kd8 30. Qd7# 1-0

[Event "Rhein Main op-A 22nd"]
[Site "Bad Homburg"]
[Date "2019.06.22"]
[Round "6"]
[White "Haag, Martin"]
[Black "Mashinskaya, Iulia"]
[Result "1/2-1/2"]
[WhiteElo "2191"]
[BlackElo "2224"]
[PlyCount "22"]
[EventDate "2019.06.19"]
[EventType "swiss"]
[EventRounds "9"]
[EventCountry "GER"]
[SourceTitle "EXT 2020"]
[Source "ChessBase"]
[SourceDate "2019.10.17"]
[SourceVersion "1"]
[SourceVersionDate "2019.10.17"]
[SourceQuality "1"]

1. c4 e5 2. Nc3 Nf6 3. Nf3 Nc6 4. e3 Be7 5. d4 exd4 6. Nxd4 0-0 7. Be2 d5 8. cxd5 Nb4 9. 0-0 Nbxd5 10. Nxd5 Qxd5 11. Qb3 Qxb3 1/2-1/2

[Event "Rhein Main op-A 22nd"]
[Site "Bad Homburg"]
[Date "2019.06.22"]
[Round "5"]
[White "Zhukenov, Aituar"]
[Black "Haag, Martin"]
[Result "1/2-1/2"]
[WhiteElo "2025"]
[BlackElo "2191"]
[PlyCount "37"]
[EventDate "2019.06.19"]
[EventType "swiss"]
[EventRounds "9"]
[EventCountry "GER"]
[SourceTitle "EXT 2020"]
[Source "ChessBase"]
[SourceDate "2019.10.17"]
[SourceVersion "1"]
[SourceVersionDate "2019.10.17"]
[SourceQuality "1"]

1. e4 c5 2. Nf3 Nc6 3. Nc3 e5 4. Bc4 Be7 5. 0-0 d6 6. d3 Nf6 7. Ng5 0-0 8. f4 Bg4 9. Qe1 h6 10. Nf3 Bxf3 11. gxf3 Nd4 12. Qf2 Nh5 13. Nd5 b5 14. Nxe7+ Qxe7 15. Bd5 Rac8 16. f5 Kh7 17. c3 Nc6 18. Kh1 g5 19. a4 1/2-1/2

[Event "Rhein Main op-A 22nd"]
[Site "Bad Homburg"]
[Date "2019.06.20"]
[Round "3"]
[White "Kolthoff, Siegmund"]
[Black "Haag, Martin"]
[Result "1/2-1/2"]
[WhiteElo "2058"]
[BlackElo "2191"]
[PlyCount "47"]
[EventDate "2019.06.19"]
[EventType "swiss"]
[EventRounds "9"]
[EventCountry "GER"]
[SourceTitle "EXT 2020"]
[Source "ChessBase"]
[SourceDate "2019.10.17"]
[SourceVersion "1"]
[SourceVersionDate "2019.10.17"]
[SourceQuality "1"]

1. Nf3 d5 2. d4 e6 3. c4 Nf6 4. g3 dxc4 5. Qa4+ Nbd7 6. Qxc4 a6 7. Bg2 c5 8. 0-0 b5 9. Qd3 Bb7 10. b3 cxd4 11. Nxd4 Ne5 12. Qd1 Bxg2 13. Kxg2 Qd5+ 14. Nf3 Nxf3 15. exf3 Rc8 16. Bb2 Qb7 17. Nd2 Be7 18. Bxf6 gxf6 19. Ne4 0-0 20. Nd6 Bxd6 21. Qxd6 Rfd8 22. Qf4 Kg7 23. Rad1 Rd5 24. Rxd5 1/2-1/2

[Event "Heusenstamm Sparkassen op-A 5th"]
[Site "Heusenstamm"]
[Date "2018.11.25"]
[Round "7"]
[White "Milov, Leonid"]
[Black "Haag, Martin"]
[Result "1-0"]
[WhiteElo "2481"]
[BlackElo "2186"]
[PlyCount "127"]
[EventDate "2018.11.22"]
[EventType "swiss"]
[EventRounds "7"]
[EventCountry "GER"]
[SourceTitle "CBM 188 Extra"]
[Source "ChessBase"]
[SourceDate "2019.02.26"]
[SourceVersion "1"]
[SourceVersionDate "2019.02.26"]
[SourceQuality "1"]

1. e4 d6 2. d4 Nf6 3. Nc3 e5 4. dxe5 dxe5 5. Qxd8+ Kxd8 6. Bg5 Be6 7. 0-0-0+ Nbd7 8. f4 exf4 9. Nf3 h6 10. Bxf4 Ng4 11. Nb5 Nf2 12. Nxc7 Nxd1 13. Bb5 Nf2 14. Rf1 Bc5 15. Nxa8 g5 16. Bg3 Nxe4 17. Nc7 Nxg3 18. Nxe6+ fxe6 19. hxg3 Nb6 20. Ne5 Rf8 21. Rd1+ Kc7 22. Be2 Bd6 23. Nd3 Nd5 24. Rh1 Rf6 25. Rh3 Nb4 26. Kd2 Nxd3 27. Kxd3 a5 28. g4 Bf8 29. Bf3 Rf4 30. c3 b5 31. Rh1 Bg7 32. Re1 Kd6 33. Rd1 Kc7 34. a3 Rf8 35. Re1 Kd6 36. Kc2 Rf4 37. Rd1+ Kc7 38. Rd3 Rf8 39. Re3 Kd6 40. Kb3 Rb8 41. Re4 Bf6 42. Kc2 Rc8 43. Kd3 Rb8 44. Kc2 Rb6 45. Be2 Rb7 46. Kb3 Rb8 47. Re3 Rb6 48. Bd3 Rb8 49. Bb1 b4 50. cxb4 axb4 51. a4 Bd4 52. Rf3 Kd5 53. Rf7 e5 54. Rd7+ Kc6 55. Rh7 Kd5 56. Rd7+ Kc5 57. Be4 Rf8 58. Rd5+ Kb6 59. Rb5+ Ka6 60. Bf5 h5 61. Bd3 Ka7 62. gxh5 g4 63. h6 e4 64. Rxb4 1-0

[Event "Mittelrhein Regionalliga 18/19"]
[Site "Nordrheinwestfalen"]
[Date "2018.09.30"]
[Round "2.1"]
[White "Coenen, Norbert"]
[Black "Haag, Martin"]
[Result "1/2-1/2"]
[WhiteElo "2232"]
[BlackElo "2190"]
[PlyCount "84"]
[EventDate "2018.10.28"]
[EventType "team-tourn"]
[EventRounds "11"]
[EventCountry "GER"]
[SourceTitle "EXT 2022"]
[Source "ChessBase"]
[SourceDate "2021.10.06"]
[SourceVersion "1"]
[SourceVersionDate "2021.10.06"]
[SourceQuality "1"]
[WhiteTeam "Aachen SV II"]
[BlackTeam "Bonn Beuel"]
[WhiteTeamCountry "GER"]
[BlackTeamCountry "GER"]

1. e4 d6 2. d4 Nf6 3. Nc3 e5 4. Nf3 exd4 5. Nxd4 Be7 6. g3 0-0 7. Bg2 Re8 8. 0-0 Bf8 9. h3 Nbd7 10. Re1 c6 11. a4 a5 12. Nb3 Qc7 13. Bf4 Ne5 14. g4 Be6 15. Nd4 Rad8 16. Bg3 Bc8 17. g5 Nfd7 18. Kh2 Nc5 19. f4 Qb6 20. Rb1 g6 21. Nde2 Ned7 22. Qd2 Bg7 23. Nc1 Nb8 24. Nd3 Nba6 25. Bf2 Qc7 26. Kh1 Be6 27. Re2 Bc4 28. Bg3 Qb6 29. Bf2 Qc7 30. b3 Be6 31. Rf1 Nxd3 32. Qxd3 Nb4 33. Qg3 d5 34. e5 Bf5 35. Rc1 d4 36. Ne4 d3 37. cxd3 Nxd3 38. Rf1 Nxf2+ 39. Qxf2 Bxe4 40. Rxe4 Rd3 41. Re3 Red8 42. Rfe1 R3d4 1/2-1/2

[Event "Wiesbaden op 30th"]
[Site "Wiesbaden"]
[Date "2018.08.26"]
[Round "6"]
[White "Haag, Martin"]
[Black "Puschendorf, Steffen"]
[Result "1-0"]
[WhiteElo "2229"]
[BlackElo "2118"]
[PlyCount "49"]
[EventDate "2018.08.23"]
[EventType "swiss"]
[EventRounds "7"]
[EventCountry "GER"]
[SourceTitle "CBM 186 Extra"]
[Source "ChessBase"]
[SourceDate "2018.08.24"]
[SourceVersion "1"]
[SourceVersionDate "2018.08.24"]
[SourceQuality "1"]

1. c4 e6 2. g3 d5 3. Bg2 Nf6 4. Nf3 Be7 5. 0-0 0-0 6. b3 c5 7. e3 Nc6 8. Bb2 b6 9. Nc3 Bb7 10. cxd5 exd5 11. d4 Re8 12. Rc1 Ba6 13. Re1 c4 14. Ne5 Na5 15. e4 dxe4 16. Nxe4 Nxe4 17. Bxe4 Rc8 18. bxc4 Nxc4 19. Bxh7+ Kxh7 20. Qh5+ Kg8 21. Qxf7+ Kh7 22. Nxc4 Bb4 23. d5 Bxe1 24. Rxe1 Qg5 25. Re5 1-0

[Event "Wiesbaden op 30th"]
[Site "Wiesbaden"]
[Date "2018.08.26"]
[Round "7"]
[White "Neukirchner, Pascal"]
[Black "Haag, Martin"]
[Result "1-0"]
[WhiteElo "2303"]
[BlackElo "2229"]
[PlyCount "57"]
[EventDate "2018.08.23"]
[EventType "swiss"]
[EventRounds "7"]
[EventCountry "GER"]
[SourceTitle "CBM 186 Extra"]
[Source "ChessBase"]
[SourceDate "2018.08.24"]
[SourceVersion "1"]
[SourceVersionDate "2018.08.24"]
[SourceQuality "1"]

1. d4 d5 2. c4 e6 3. Nf3 c5 4. cxd5 exd5 5. g3 Nc6 6. Bg2 Nf6 7. 0-0 Be7 8. dxc5 Bxc5 9. a3 0-0 10. b4 Bb6 11. Nc3 Re8 12. Bb2 Bg4 13. Na4 Ne4 14. Nxb6 axb6 15. Qd3 Bxf3 16. exf3 Nf6 17. f4 Re6 18. Rfd1 h6 19. Rac1 Qe7 20. Bh3 Re2 21. Bxf6 gxf6 22. Bf1 Ra2 23. Qxd5 R2xa3 24. b5 Rd8 25. Qc4 Na5 26. Qe2 Qf8 27. Qg4+ Kh7 28. Rxd8 Qxd8 29. Rc8 1-0

[Event "Kiel op 31st"]
[Site "Kiel"]
[Date "2018.08.01"]
[Round "7"]
[White "Hoffmann, Joachim"]
[Black "Haag, Martin"]
[Result "0-1"]
[WhiteElo "1911"]
[BlackElo "2229"]
[PlyCount "62"]
[EventDate "2018.07.28"]
[EventType "swiss"]
[EventRounds "9"]
[EventCountry "GER"]
[SourceTitle "CBM 185 Extra"]
[Source "ChessBase"]
[SourceDate "2018.07.29"]
[SourceVersion "1"]
[SourceVersionDate "2018.07.29"]
[SourceQuality "1"]

1. e4 d6 2. d4 Nf6 3. Nc3 e5 4. Nf3 exd4 5. Nxd4 Be7 6. g3 0-0 7. Bg2 Re8 8. 0-0 Bf8 9. h3 c6 10. Be3 Nbd7 11. Nde2 b5 12. Nxb5 cxb5 13. e5 Nxe5 14. Bxa8 Bxh3 15. Bg2 Bxg2 16. Kxg2 Qa8+ 17. Kh3 Qc8+ 18. Kg2 Qa8+ 19. Kh3 Nfg4 20. Qd4 Nxe3 21. fxe3 Re6 22. e4 Qc8 23. Kg2 Qxc2 24. Rf2 Nd3 25. Nf4 Nxf2 26. Nxe6 Nxe4+ 27. Kg1 fxe6 28. Rf1 d5 29. b4 Qc7 30. Rf3 Bd6 31. Qe3 Bxb4 0-1

[Event "Rhein Main op-A 21st"]
[Site "Bad Homburg"]
[Date "2018.06.03"]
[Round "7"]
[White "De Roda Husman, Juan"]
[Black "Haag, Martin"]
[Result "1/2-1/2"]
[WhiteElo "2251"]
[BlackElo "2234"]
[PlyCount "33"]
[EventDate "2018.05.30"]
[EventType "swiss"]
[EventRounds "7"]
[EventCountry "GER"]
[SourceTitle "EXT 2019"]
[Source "ChessBase"]
[SourceDate "2018.10.10"]
[SourceVersion "1"]
[SourceVersionDate "2018.10.10"]
[SourceQuality "1"]

1. e4 d6 2. d4 Nf6 3. Nc3 e5 4. Nf3 exd4 5. Nxd4 Be7 6. g3 0-0 7. Bg2 Re8 8. 0-0 Nbd7 9. Re1 Bf8 10. h3 c6 11. b3 Nc5 12. Bb2 a5 13. a4 Bd7 14. Kh2 g6 15. Qd2 Qc7 16. Rad1 Rad8 17. Bc1 1/2-1/2

[Event "Mittelrhein Regionalliga 1718"]
[Site "Nordrheinwestfalen"]
[Date "2017.12.03"]
[Round "4.1"]
[White "Goossens, Etienne"]
[Black "Haag, Martin"]
[Result "0-1"]
[WhiteElo "2200"]
[BlackElo "2222"]
[PlyCount "74"]
[EventDate "2017.09.10"]
[EventType "team-tourn"]
[EventRounds "9"]
[EventCountry "GER"]
[SourceTitle "EXT 2022"]
[Source "ChessBase"]
[SourceDate "2021.10.06"]
[SourceVersion "1"]
[SourceVersionDate "2021.10.06"]
[SourceQuality "1"]
[WhiteTeam "Wuerselen"]
[BlackTeam "Bonn Beuel"]
[WhiteTeamCountry "GER"]
[BlackTeamCountry "GER"]

1. d4 d5 2. c4 e6 3. Nf3 Nf6 4. g3 c5 5. cxd5 exd5 6. Bg2 Nc6 7. 0-0 Be7 8. Nc3 0-0 9. dxc5 Bxc5 10. Bg5 d4 11. Ne4 Be7 12. Bxf6 Bxf6 13. b4 Nxb4 14. Nxf6+ Qxf6 15. Qxd4 Qe7 16. Qb2 Nc6 17. Rfd1 Be6 18. Rd2 Rad8 19. Rad1 h6 20. h3 Rxd2 21. Rxd2 Rc8 22. Nd4 Nxd4 23. Qxd4 b6 24. a4 Qc5 25. Qxc5 Rxc5 26. Rd8+ Kh7 27. Rd4 Rc1+ 28. Kh2 Rc4 29. Be4+ g6 30. Rxc4 Bxc4 31. e3 Kg7 32. Bc2 b5 33. axb5 Bxb5 34. f4 a5 35. g4 a4 36. e4 a3 37. Bb3 Bd3 0-1

[Event "Heusenstamm Sparkassen op-A 4th"]
[Site "Heusenstamm"]
[Date "2017.11.24"]
[Round "3"]
[White "Haag, Martin"]
[Black "Sandten, Ulrich"]
[Result "1/2-1/2"]
[WhiteElo "2243"]
[BlackElo "2068"]
[PlyCount "58"]
[EventDate "2017.11.23"]
[EventType "swiss"]
[EventRounds "7"]
[EventCountry "GER"]
[SourceTitle "EXT 2019"]
[Source "ChessBase"]
[SourceDate "2018.10.10"]
[SourceVersion "1"]
[SourceVersionDate "2018.10.10"]
[SourceQuality "1"]

1. c4 e5 2. Nc3 d6 3. g3 Be7 4. Bg2 f5 5. d3 Nf6 6. e4 fxe4 7. dxe4 0-0 8. Nge2 c6 9. 0-0 a5 10. b3 Na6 11. h3 Be6 12. Be3 Nc5 13. Qc2 Nfd7 14. Rab1 Qb8 15. Qd2 Nb6 16. Bg5 Bxg5 17. Qxg5 Qd8 18. Qd2 Qd7 19. Kh2 a4 20. Nc1 axb3 21. axb3 Rf6 22. h4 Raf8 23. Qe3 Qf7 24. f3 Bg4 25. Nd3 Bxf3 26. Nxc5 dxc5 27. Rxf3 Rxf3 28. Bxf3 Qxf3 29. Qxf3 Rxf3 1/2-1/2

[Event "Mittelrhein Regionalliga 1718"]
[Site "Nordrheinwestfalen"]
[Date "2017.11.12"]
[Round "3.1"]
[White "Haag, Martin"]
[Black "Thiel, Kuno"]
[Result "1-0"]
[WhiteElo "2231"]
[BlackElo "2077"]
[PlyCount "67"]
[EventDate "2017.09.10"]
[EventType "team-tourn"]
[EventRounds "9"]
[EventCountry "GER"]
[SourceTitle "EXT 2022"]
[Source "ChessBase"]
[SourceDate "2021.10.06"]
[SourceVersion "1"]
[SourceVersionDate "2021.10.06"]
[SourceQuality "1"]
[WhiteTeam "Bonn Beuel"]
[BlackTeam "Leverkusen SC Bayer"]
[WhiteTeamCountry "GER"]
[BlackTeamCountry "GER"]

1. c4 e6 2. g3 f5 3. Bg2 Nf6 4. Nf3 b6 5. 0-0 Bb7 6. d4 Be7 7. d5 exd5 8. Nd4 g6 9. Nc3 c5 10. Nc2 Na6 11. Ne3 Nc7 12. Nexd5 Nfxd5 13. Nxd5 Nxd5 14. Bxd5 Qc7 15. Bf4 d6 16. Qa4+ Kd8 17. Rad1 Kc8 18. Rd3 Bxd5 19. Rxd5 Kb7 20. Rfd1 Rad8 21. b4 Qc6 22. b5 Qc7 23. Qc2 Rd7 24. R1d3 Rhd8 25. Qd1 Kc8 26. h4 Bf8 27. Qd2 Re8 28. Bxd6 Bxd6 29. Rxd6 Rxd6 30. Rxd6 Rxe2 31. Qd5 Re1+ 32. Kh2 Qe7 33. Qa8+ Kc7 34. Rc6+ 1-0

[Event "Wiesbaden op 29th"]
[Site "Wiesbaden"]
[Date "2017.08.27"]
[Round "7"]
[White "Haag, Martin"]
[Black "Malzahn, Sven"]
[Result "1-0"]
[WhiteElo "2263"]
[BlackElo "2052"]
[PlyCount "79"]
[EventDate "2017.08.24"]
[EventType "swiss"]
[EventRounds "7"]
[EventCountry "GER"]
[SourceTitle "CBM 180 Extra"]
[Source "ChessBase"]
[SourceDate "2017.10.06"]
[SourceVersion "1"]
[SourceVersionDate "2017.10.06"]
[SourceQuality "1"]

1. c4 e5 2. Nc3 d6 3. g3 Nf6 4. Bg2 Be7 5. e4 0-0 6. Nge2 c6 7. 0-0 Be6 8. b3 d5 9. exd5 cxd5 10. d4 exd4 11. Nxd4 Bg4 12. Qd2 Bb4 13. Bb2 Nbd7 14. cxd5 Nc5 15. Nc2 Nce4 16. Qd4 Bc5 17. Qd3 Nd6 18. Na4 Bf5 19. Qd1 Rc8 20. Nxc5 Rxc5 21. Ne3 Be4 22. Qd4 Rc8 23. Rac1 Nb5 24. Qd2 Rxc1 25. Rxc1 Bxg2 26. Kxg2 Re8 27. a4 Nd6 28. Qd4 a6 29. Qd3 Qd7 30. Bxf6 gxf6 31. Qd4 Ne4 32. Rd1 Re5 33. h4 h5 34. Nc4 Re8 35. Re1 Qg4 36. Re3 f5 37. Rf3 Rd8 38. Ne3 Qg6 39. Nxf5 Re8 40. d6 1-0

[Event "Prague Summer op 4th"]
[Site "Prague"]
[Date "2017.08.11"]
[Round "9"]
[White "Sprenar, Petr"]
[Black "Haag, Martin"]
[Result "0-1"]
[WhiteElo "1999"]
[BlackElo "2263"]
[PlyCount "94"]
[EventDate "2017.08.04"]
[EventType "swiss"]
[EventRounds "9"]
[EventCountry "CZE"]
[SourceTitle "CBM 179 Extra"]
[Source "ChessBase"]
[SourceDate "2017.08.23"]
[SourceVersion "1"]
[SourceVersionDate "2017.08.23"]
[SourceQuality "1"]

1. d4 d5 2. c4 e6 3. Nf3 Nf6 4. g3 c5 5. cxd5 exd5 6. Bg2 Nc6 7. 0-0 Be7 8. Nc3 0-0 9. dxc5 Bxc5 10. Na4 Be7 11. Be3 Re8 12. Rc1 Bg4 13. Nc5 Qb6 14. Na4 Qa6 15. h3 Bxf3 16. Bxf3 Rad8 17. Bc5 Ne4 18. Bxe7 Rxe7 19. Nc5 Qb6 20. Na4 Qa5 21. a3 Nd2 22. b4 Nxf3+ 23. exf3 Qa6 24. Rc5 Ne5 25. f4 Ng6 26. f5 Nf8 27. Ra5 Qc6 28. Rc5 Qe8 29. Nc3 d4 30. f6 Re5 31. Rxe5 Qxe5 32. fxg7 Ne6 33. Re1 Qxg7 34. Ne4 d3 35. Re3 Qd4 36. Nd2 Qc3 37. Nb1 Qc2 38. Re1 Nd4 39. Qg4+ Kf8 40. Qe4 Ne2+ 41. Kg2 Re8 42. Qxh7 Nf4+ 43. gxf4 Rxe1 44. Qh6+ Ke8 45. Qh8+ Ke7 46. Qh4+ Kd7 47. Qg4+ Kc7 0-1

[Event "Prague Summer op 4th"]
[Site "Prague"]
[Date "2017.08.09"]
[Round "7"]
[White "Zlatin, Alexander"]
[Black "Haag, Martin"]
[Result "1-0"]
[WhiteElo "2149"]
[BlackElo "2263"]
[PlyCount "65"]
[EventDate "2017.08.04"]
[EventType "swiss"]
[EventRounds "9"]
[EventCountry "CZE"]
[SourceTitle "CBM 179 Extra"]
[Source "ChessBase"]
[SourceDate "2017.08.23"]
[SourceVersion "1"]
[SourceVersionDate "2017.08.23"]
[SourceQuality "1"]

1. e4 c5 2. c3 Nf6 3. e5 Nd5 4. d4 cxd4 5. Nf3 Nc6 6. cxd4 d6 7. Bc4 Nb6 8. Bb5 dxe5 9. Nxe5 Bd7 10. Nxd7 Qxd7 11. Nc3 e6 12. 0-0 Rd8 13. a4 Nd5 14. Be3 Be7 15. Qf3 0-0 16. Rac1 Rc8 17. Rfd1 Rfd8 18. Bd3 Nf6 19. Bb1 Nb4 20. Bf4 Nbd5 21. Be5 Nxc3 22. bxc3 Qxa4 23. Qxb7 Nd5 24. Bc2 Qc6 25. Qxc6 Rxc6 26. c4 Nb6 27. c5 Nd5 28. Ba4 Ra6 29. Bb5 Ra5 30. Bc4 Ra4 31. c6 Bf6 32. Bb5 Ra5 33. c7 1-0

[Event "Prague Summer op 4th"]
[Site "Prague"]
[Date "2017.08.07"]
[Round "5"]
[White "Afanasieva, Alexandra"]
[Black "Haag, Martin"]
[Result "1/2-1/2"]
[WhiteElo "2041"]
[BlackElo "2263"]
[PlyCount "103"]
[EventDate "2017.08.04"]
[EventType "swiss"]
[EventRounds "9"]
[EventCountry "CZE"]
[SourceTitle "CBM 179 Extra"]
[Source "ChessBase"]
[SourceDate "2017.08.23"]
[SourceVersion "1"]
[SourceVersionDate "2017.08.23"]
[SourceQuality "1"]

1. e4 c5 2. Nf3 Nc6 3. Bb5 Nf6 4. Nc3 g6 5. Bxc6 dxc6 6. h3 Bg7 7. d3 0-0 8. Be3 b6 9. Qd2 e5 10. 0-0-0 Qd6 11. Bh6 Ne8 12. h4 Bg4 13. h5 gxh5 14. Bxg7 Nxg7 15. Ne2 Rad8 16. Ng3 Rfe8 17. Qe3 Qf6 18. Rde1 Qf4 19. Qxf4 exf4 20. Ne2 Rd6 21. Nd2 Bxe2 22. Rxe2 Rg6 23. f3 Re5 24. c3 Reg5 25. Rh2 Ne6 26. Nb3 h4 27. d4 c4 28. Nd2 b5 29. Kc2 h3 30. gxh3 Rg1 31. h4 h5 32. b3 cxb3+ 33. Nxb3 Kf8 34. Rd2 Rf1 35. d5 Nd8 36. Rdf2 Rxf2+ 37. Rxf2 cxd5 38. exd5 Nb7 39. Nd4 Rd6 40. Nxb5 Rxd5 41. c4 Re5 42. Nd4 Nd6 43. Kb3 Re3+ 44. Kb4 Rd3 45. Kc5 Ke7 46. Rg2 Kd7 47. Rg5 Rc3 48. Rxh5 Rxc4+ 49. Kd5 Ra4 50. Nb3 Rxa2 51. Rh6 Nf5 52. Rf6 1/2-1/2

[Event "Rhein Main op-A 20th"]
[Site "Bad Homburg"]
[Date "2017.06.17"]
[Round "6"]
[White "Clitan, Zaharia"]
[Black "Haag, Martin"]
[Result "0-1"]
[WhiteElo "2115"]
[BlackElo "2267"]
[PlyCount "60"]
[EventDate "2017.06.14"]
[EventType "swiss"]
[EventRounds "7"]
[EventCountry "GER"]
[SourceTitle "EXT 2018"]
[Source "ChessBase"]
[SourceDate "2017.10.13"]
[SourceVersion "1"]
[SourceVersionDate "2017.10.13"]
[SourceQuality "1"]

1. d4 d5 2. c4 e6 3. Nc3 Bb4 4. Nf3 Nf6 5. Bg5 h6 6. Bxf6 Qxf6 7. a3 Bxc3+ 8. bxc3 0-0 9. e3 c5 10. Ne5 Nd7 11. Nxd7 Bxd7 12. cxd5 exd5 13. Bd3 Rac8 14. Rb1 Rc7 15. 0-0 Rfc8 16. Qd2 Qd6 17. Bb5 Be6 18. a4 cxd4 19. cxd4 Rc2 20. Qa5 a6 21. Bd3 R2c3 22. Be2 Qd7 23. Qb4 R8c7 24. h3 Bf5 25. Rb2 Be4 26. a5 Qe6 27. Re1 Qg6 28. Bf1 R3c4 29. Qd2 R4c6 30. g3 Qf5 0-1

[Event "Rhein Main op-A 20th"]
[Site "Bad Homburg"]
[Date "2017.06.16"]
[Round "4"]
[White "Bub, Volker"]
[Black "Haag, Martin"]
[Result "1-0"]
[WhiteElo "2097"]
[BlackElo "2267"]
[PlyCount "83"]
[EventDate "2017.06.14"]
[EventType "swiss"]
[EventRounds "7"]
[EventCountry "GER"]
[SourceTitle "EXT 2018"]
[Source "ChessBase"]
[SourceDate "2017.10.13"]
[SourceVersion "1"]
[SourceVersionDate "2017.10.13"]
[SourceQuality "1"]

1. e4 c5 2. d3 Nc6 3. g3 d5 4. Nd2 Nf6 5. Bg2 e6 6. Ngf3 Be7 7. 0-0 0-0 8. Re1 Qc7 9. Qe2 b5 10. e5 Nd7 11. c3 a5 12. Nf1 Ba6 13. Bf4 Rfc8 14. h4 Nb6 15. N1h2 b4 16. h5 h6 17. Qd2 Bf8 18. g4 bxc3 19. bxc3 Rab8 20. g5 hxg5 21. Bxg5 Na4 22. Ng4 Rb2 23. Qf4 Nxc3 24. Bf1 Rb4 25. Qg3 f5 26. Ngh2 Nd4 27. Nxd4 Rxd4 28. h6 Kh7 29. hxg7 Bxg7 30. f4 Ra4 31. Nf3 Qd7 32. Rac1 d4 33. Rc2 Rh8 34. Bf6 Bb7 35. Rh2+ Kg8 36. Rxh8+ Kxh8 37. Qh4+ Kg8 38. Ng5 Bd5 39. Qh7+ Kf8 40. Bg2 Rxa2 41. Bxd5 Nxd5 42. Rb1 1-0

[Event "Rhein Main op-A 20th"]
[Site "Bad Homburg"]
[Date "2017.06.15"]
[Round "3"]
[White "Haag, Martin"]
[Black "Elliger, Christian"]
[Result "1/2-1/2"]
[WhiteElo "2267"]
[BlackElo "2107"]
[PlyCount "57"]
[EventDate "2017.06.14"]
[EventType "swiss"]
[EventRounds "7"]
[EventCountry "GER"]
[SourceTitle "EXT 2018"]
[Source "ChessBase"]
[SourceDate "2017.10.13"]
[SourceVersion "1"]
[SourceVersionDate "2017.10.13"]
[SourceQuality "1"]

1. c4 Nf6 2. Nc3 c5 3. Nf3 b6 4. e3 e6 5. d4 d6 6. Bd3 Bb7 7. 0-0 Be7 8. d5 e5 9. e4 Nbd7 10. a3 Nf8 11. b4 Ng6 12. bxc5 bxc5 13. Qa4+ Qd7 14. Bc2 0-0 15. Rb1 Rfb8 16. Bg5 Bc8 17. Bxf6 Bxf6 18. Qxd7 Bxd7 19. Ba4 Bxa4 20. Nxa4 Bd8 21. g3 Bc7 22. Kg2 Rxb1 23. Rxb1 Rb8 24. Rxb8+ Bxb8 25. Nc3 a6 26. Nd2 Nf8 27. f4 f6 28. Kf3 Kf7 29. Nb3 1/2-1/2

[Event "Rhein Main op-A 20th"]
[Site "Bad Homburg"]
[Date "2017.06.15"]
[Round "2"]
[White "Hess, Steffen"]
[Black "Haag, Martin"]
[Result "1/2-1/2"]
[WhiteElo "2046"]
[BlackElo "2267"]
[PlyCount "55"]
[EventDate "2017.06.14"]
[EventType "swiss"]
[EventRounds "7"]
[EventCountry "GER"]
[SourceTitle "EXT 2018"]
[Source "ChessBase"]
[SourceDate "2017.10.13"]
[SourceVersion "1"]
[SourceVersionDate "2017.10.13"]
[SourceQuality "1"]

1. d4 d5 2. Nf3 e6 3. e3 Nf6 4. Bd3 c5 5. c3 Nc6 6. Nbd2 Bd6 7. 0-0 0-0 8. dxc5 Bxc5 9. e4 Qc7 10. Qe2 h6 11. a3 a5 12. exd5 exd5 13. Nb3 Bb6 14. Be3 Re8 15. Bxb6 Qxb6 16. Qc2 Bg4 17. Nbd4 Re7 18. Rae1 Rae8 19. Rxe7 Rxe7 20. Bf5 Bxf3 21. Nxf3 Qb5 22. Bd3 Qb6 23. Rd1 Kf8 24. Bf1 g6 25. g3 Kg7 26. Bg2 Qb5 27. Bf1 Qb6 28. Bg2 1/2-1/2

[Event "Mittelrhein Regionalliga 16/17"]
[Site "Nordrheinwestfalen"]
[Date "2017.04.09"]
[Round "10.1"]
[White "Borovikov, Vladislav"]
[Black "Haag, Martin"]
[Result "1-0"]
[WhiteElo "2509"]
[BlackElo "2227"]
[PlyCount "75"]
[EventDate "2016.09.11"]
[EventType "team-tourn"]
[EventRounds "11"]
[EventCountry "GER"]
[SourceTitle "EXT 2022"]
[Source "ChessBase"]
[SourceDate "2021.10.06"]
[SourceVersion "1"]
[SourceVersionDate "2021.10.06"]
[SourceQuality "1"]
[WhiteTeam "Siegburg"]
[BlackTeam "Bonn Beuel"]
[WhiteTeamCountry "GER"]
[BlackTeamCountry "GER"]

1. d4 d5 2. Nf3 e6 3. Bf4 Bd6 4. Bg3 Nf6 5. Nbd2 0-0 6. e3 c5 7. c3 Nc6 8. Bd3 b6 9. Qe2 Bb7 10. Rd1 c4 11. Bc2 b5 12. e4 Be7 13. e5 Nh5 14. Ng5 Bxg5 15. Qxh5 g6 16. Qe2 h5 17. Nf3 h4 18. Nxg5 Qxg5 19. f4 Qe7 20. Bf2 Kg7 21. g4 hxg3 22. hxg3 Rh8 23. Kd2 Rag8 24. g4 Bc8 25. Qf3 Qd8 26. Ke2 Rxh1 27. Rxh1 Rh8 28. f5 exf5 29. gxf5 Bxf5 30. Bxf5 Rxh1 31. Qxh1 gxf5 32. Bh4 Qg8 33. Qxd5 Kh7 34. Kf2 Qg6 35. Bf6 Qh5 36. Qxc6 Qh2+ 37. Qg2 Qf4+ 38. Ke2 1-0